[Event "FIDE WCC 2018"]
[Site "Khanty-Mansiysk"]
[Date "2018.11.03"]
[Round "1.1"]
[White "Guseva, Marina"]
[Black "Zawadzka, Jolanta"]
[Result "1/2-1/2"]
[WhiteElo "2413"]
[BlackElo "2407"]
[Annotator "TA"]
[PlyCount "105"]
[EventDate "2018.11.03"]
[EventType "k.o."]
[EventCountry "RUS"]
[SourceTitle "playchess.com"]
[Source "ChessBase"]
[SourceQuality "1"]

{[%evp 22,105,0,0,0,-8,-14,-12,-7,-9,16,0,0,-35,-19,-21,0,-12,-7,-16,-12,-18,-17,-17,-20,-29,6,-46,-36,-33,-34,-110,0,-37,-24,-61,0,-39,-19,-33,-40,-42,-44,-54,-42,-60,-58,-60,-70,-72,27,20,23,23,12,0,0,0,0,0,0,0,0,0,0,0,0,0,0,0,0,0,0,0,22,20,8,0,0,0,0,0,0,0,0,0]} 1. d4 d5 2. c4 e6 3. Nf3 Nf6 4. Nc3 Bb4 5. cxd5 exd5 6. Bg5 h6 7. Bxf6 Qxf6 8. Qa4+ Nc6 9. e3 O-O 10. Be2 Be6 11. O-O a6 12. Rac1 Bd6 {D38: Queen's Gambit Declined: Ragozin Defence (4 Nf3 Bb4)} 13. Qd1 (13. Qc2 Rfe8 14. Na4 Ne7 15. Nc5 Bxc5 16. Qxc5 c6 17. Qb6 Rab8 18. Qc7 Bg4 19. Rfe1 Bxf3 20. Bxf3 {½-½ (80) Dreev,A (2653)-Vachier Lagrave,M (2789) Riadh 2017}) 13... Ne7 14. Na4 b6 15. a3 {[#]} Rfb8 $146 ({Predecessor:} 15... g5 16. Ne1 Qg7 17. Nd3 Rfe8 18. b4 Kh8 19. Nc3 c6 20. g3 {½-½ (56) Ibrahimli,M (2278)-Aleksandrov,A (2588) Baku 2017}) 16. h3 Bd7 17. b4 c6 18. Rb1 Bc7 19. Re1 Nf5 20. Qc2 Nh4 $36 {[%mdl 2048] Black fights for an advantage.} 21. Nxh4 Qxh4 22. Bf1 Re8 23. Nc3 {Black should prevent Nxd5!} Bd6 24. Qd1 ({White should play} 24. e4 $11) 24... Re6 25. Qg4 Qe7 26. Qh5 (26. Qf3 $15) 26... Kh7 (26... b5 $17 27. Ra1 a5) 27. Bd3+ g6 28. Qd1 f5 ({Black should try} 28... Kg7 $15) 29. Qd2 Re8 30. Rec1 b5 31. Ne2 Qf6 32. Ra1 Kh8 33. a4 R6e7 34. axb5 axb5 35. Ra6 f4 (35... g5 $17 36. g3 h5) 36. Nxf4 $11 ({But not} 36. exf4 $2 {[#]} Rxe2 $1 {[%mdl 512]} 37. Bxe2 Bxf4 $19) 36... Bxf4 37. exf4 {Threatens to win with Bxb5!} Qxd4 38. Qc3 {The position is equal.} (38. Ra2 {keeps more tension.} Kg7 39. Kh2 Rf8 40. g3 Ree8 41. Kg2) 38... Qxc3 39. Rxc3 Kg7 40. Ra7 Re1+ 41. Kh2 R8e7 42. Bxb5 d4 {[%cal Bd5d4,Bd4d3,Bd3d2][%mdl 32]} 43. Rc5 cxb5 44. Rcc7 d3 45. Rxd7 Kf7 $1 {[#] Hoping for ...d2!} 46. Rxe7+ $1 Rxe7 {[%mdl 4096] Endgame KR-KR} 47. Ra1 d2 {...Re1 is the strong threat.} 48. Rd1 $1 Rd7 49. Kg3 Rd3+ 50. f3 Rd4 51. Kf2 Rxf4 52. Rxd2 Rxb4 53. Rd6 {Precision: White = 55%, Black = 60%.} 1/2-1/2

[Event "FIDE WCC 2018"]
[Site "Khanty-Mansiysk"]
[Date "2018.11.03"]
[Round "1.1"]
[White "Shvayger, Yuliya"]
[Black "Socko, Monika"]
[Result "0-1"]
[WhiteElo "2389"]
[BlackElo "2463"]
[Annotator "TA"]
[PlyCount "76"]
[EventDate "2018.11.03"]
[EventType "k.o."]
[EventCountry "RUS"]
[SourceTitle "playchess.com"]
[Source "ChessBase"]
[SourceQuality "1"]

{[%evp 21,76,12,19,18,30,20,20,24,23,21,23,11,25,8,12,25,7,8,10,9,27,0,0,1,39,-25,-25,-33,0,-40,-40,-40,-48,-86,-96,-80,-92,-87,-97,-81,-96,-81,-81,-81,-82,-100,-101,-166,-164,-441,-417,-649,-631,-851,-840,-733,-720]} 1. e4 g6 2. d4 d6 3. Nc3 Bg7 4. Nf3 c6 5. a4 Nf6 6. Bc4 O-O 7. O-O d5 8. Bd3 dxe4 9. Nxe4 Nxe4 10. Bxe4 Nd7 11. c3 {B08: Pirc Defence: Classical System} c5 {LiveBook: 3 Games} 12. Be3 Nf6 $146 ({Predecessor:} 12... Qc7 13. dxc5 Nxc5 14. Bxc5 Qxc5 15. Qd5 Qc7 16. Rfe1 Rd8 17. Qb5 Rb8 18. Rad1 Bd7 {0-1 (45) Csonka,A (2289)-Papp,G (2517) Gibraltar 2009}) 13. Bc2 {White has an edge.} cxd4 14. Bxd4 b6 15. Re1 Bb7 16. Qe2 e6 17. Be5 Qe7 18. Nd4 Rfd8 19. a5 bxa5 20. Rxa5 Rd5 21. Ra3 Nh5 22. Bxg7 Kxg7 23. Nf5+ (23. Qe3 $14) 23... gxf5 $11 24. Qxh5 {[#] aiming for c4.} Qf6 25. Raa1 Rd2 26. Re2 Rad8 27. Rae1 Ba6 28. Rxd2 Rxd2 29. Rc1 h6 $40 {[%cal Bh7h6,Bh6g5,Bg5g4,Bg4g3][%mdl 160] White must now prevent ...Qe5. Black goes for the king.} 30. Qf3 Qg5 31. Qg3 f4 {[%cal Bf5f4,Bf4f3][%mdl 32]} 32. Qxg5+ hxg5 $17 {[%mdl 4096] Endgame KRB-KRB} 33. b4 Bc4 34. g3 (34. g4 $17) 34... f3 $19 35. Be4 $2 (35. Ba4) 35... g4 36. h3 (36. Bc6 $142 f5 37. Be8) 36... f5 {Black is clearly winning.} 37. Ba8 f4 38. gxf4 {[#]} g3 $1 {[%mdl 512] Precision: White = 37%, Black = 84%.} 0-1

[Event "FIDE WCC 2018"]
[Site "Khanty-Mansiysk"]
[Date "2018.11.03"]
[Round "1.1"]
[White "Vega Gutierrez, Sabrina"]
[Black "Bodnaruk, Anastasia"]
[Result "1/2-1/2"]
[WhiteElo "2389"]
[BlackElo "2426"]
[Annotator "TA"]
[PlyCount "83"]
[EventDate "2018.11.03"]
[EventType "k.o."]
[EventCountry "RUS"]
[SourceTitle "playchess.com"]
[Source "ChessBase"]
[SourceQuality "1"]

{[%evp 28,83,13,16,62,53,94,-19,0,10,127,109,95,104,160,145,197,112,107,110,110,111,106,117,105,83,111,35,56,-52,56,34,77,22,18,50,87,105,95,13,8,8,14,0,0,0,0,0,0,0,0,0,0,0,0,0,0,0]} 1. e4 c5 2. Nf3 d6 3. d4 Nf6 4. Nc3 cxd4 5. Nxd4 a6 6. f3 e5 7. Nb3 Be6 8. Be3 Nbd7 9. g4 Be7 10. Qd2 b5 11. g5 {B90: Sicilian Najdorf: Unusual White 6th moves, 6 Be3 Ng4 and 6 Be3 e5} b4 12. Ne2 Nh5 13. Ng3 Nf4 14. Bxf4 exf4 15. Nh5 {LiveBook: 5 Games} O-O 16. h4 Ne5 {[#]} 17. Qf2 $146 (17. Be2 $1 $16) ({Predecessor:} 17. Qxf4 Qc7 18. O-O-O Rfc8 {1-0 (34) Aronian,L (2767)-Vachier Lagrave,M (2779) Saint Louis 2018}) 17... f6 18. Nxf4 Bxb3 (18... Bf7 $11) 19. axb3 $16 fxg5 20. Ne6 $36 {[%mdl 2048] White is on the roll.} Nxf3+ (20... Qd7 $142 21. Nxf8 Rxf8) 21. Kd1 Qd7 {[#]} (21... Qb8 $16) 22. Nxf8 (22. Bc4 $1 $18 Rf7 23. Bd5) 22... Rxf8 23. Bc4+ Kh8 24. hxg5 Nxg5 25. Qe2 Bf6 26. Ra5 {Qh5 is the strong threat.} Qe7 27. Bd3 (27. Kc1 $16) 27... Bxb2 $14 28. Qd2 (28. Rf1 $14 Rd8 29. Rxa6) 28... Be5 (28... Nxe4 $15 29. Bxe4 Qxe4) 29. Qxb4 g6 30. Rxa6 (30. Kc1 $16) 30... Ne6 31. Qa5 Qg5 {[#]} 32. Ra8 $1 {Strongly threatening Rf1.} h5 33. Rf1 (33. Rxf8+ $16 Nxf8 34. Rf1) 33... Rxa8 $11 {The position is equal.} 34. Qxa8+ Kg7 35. Qc8 Nf4 36. b4 {aiming for b5.} Qe7 37. b5 Qa7 38. Qc4 Ng2 {And now ...Ne3+ would win.} 39. Ke2 Qe3+ 40. Kd1 {next Qf7+ is good for White.} Qa7 41. Ke2 Qe3+ 42. Kd1 {Precision: White = 37%, Black = 53%.} 1/2-1/2

[Event "FIDE WCC 2018"]
[Site "Khanty-Mansiysk"]
[Date "2018.11.03"]
[Round "1.1"]
[White "Zhu, Jiner"]
[Black "Javakhishvili, Lela"]
[Result "1-0"]
[WhiteElo "2379"]
[BlackElo "2477"]
[Annotator "TA"]
[PlyCount "76"]
[EventDate "2018.11.03"]
[EventType "k.o."]
[EventCountry "RUS"]
[SourceTitle "playchess.com"]
[Source "ChessBase"]
[SourceQuality "1"]

{[%evp 23,76,33,33,25,42,33,44,34,55,47,57,56,118,72,75,60,70,61,65,35,70,73,64,62,59,111,87,75,256,186,280,183,189,181,230,145,429,258,274,266,934,833,29992,2512,1599,847,29992,29993,29996,29993,29993,29993,29994,29994,29999]} 1. e4 c5 2. Nf3 Nc6 3. d4 cxd4 4. Nxd4 g6 5. c4 Nf6 6. Nc3 d6 7. Be2 Nxd4 8. Qxd4 Bg7 9. Be3 O-O 10. Qd2 Be6 11. Rc1 a5 {B36: Sicilian: Maroczy Bind: Gurgenidze System} 12. f3 a4 {LiveBook: 28 Games} 13. Kf2 (13. Nb5 Nd7 14. O-O Qa5 15. Rfd1 Rfc8 16. Nd4 Nc5 17. Qxa5 Rxa5 18. Nxe6 Nxe6 {½-½ (30) Kuzubov,Y (2690)-Mamedov,R (2678) Heraklio 2017}) 13... Nd7 {White has an edge.} 14. Rhd1 Nc5 15. Nd5 {[#]} Kh8 $146 ({Predecessor:} 15... b6 16. Bd4 Bxd4+ 17. Qxd4 Bxd5 18. cxd5 {½-½ (31) Matei,C (2454)-Privara,I (2503) ICCF email 2014}) 16. Kg1 f5 17. exf5 gxf5 (17... Bxf5 $14 18. Re1 Rc8) 18. Nf4 Bf7 19. Qc2 {[#] Hoping for Bxc5.} Qb6 20. Qxf5 Bg8 21. Qg4 {Strongly threatening Nh5.} (21. Qc2 {feels hotter.} Qxb2 22. Qxb2 Bxb2 23. Rc2 a3 24. Nd5) 21... Rxf4 22. Qxf4 {Black must now prevent Rd2.} (22. Bxf4 Bxc4 23. Be3 (23. Rxc4 Nd3+ 24. Rc5 Qxc5+ 25. Be3 Qxe3+ 26. Kh1 Nf2+ 27. Kg1 Nh3+ 28. Kh1 Qg1+ 29. Rxg1 Nf2#) 23... Bxe2 $17) 22... Qxb2 23. Bxc5 dxc5 24. Qe4 {Threatens to win with Rc2.} Qxa2 25. Rb1 $36 {[%cal Bc1b1,Bb1b7,Bb7a7][%mdl 2080] White is really pushing.} a3 $2 {[#]} (25... Ra6 $16 {was called for.} 26. Rd8 (26. Qxb7 Rh6 $11) 26... Bd4+ 27. Kh1 a3) 26. Rxb7 $18 Re8 (26... Rf8 {keeps fighting.} 27. h3 (27. Rxe7 Qb2 $16) 27... Re8) 27. Kh1 ({Avoid the trap} 27. Rxe7 $2 Rxe7 28. Qxe7 Qb2 $19) 27... Bf6 28. Qd3 Bf7 29. Ra7 Bb2 $2 {[%mdl 8192]} (29... Qb2 $16 {was worth a try.}) 30. Bf1 Bg6 31. Qe3 $1 {[%csl LRc5,LRe7]} e6 $2 (31... Bd4 32. Qxa3 Qxa3 33. Rxa3 Rb8) 32. h4 Rg8 33. h5 (33. Qxe6 $142 Rf8 34. Qe7 Rf7 35. Rd8+ Kg7 36. Qf8+ Kf6 37. Ra6+ Kf5 38. Qh6 Bf6 39. g4+ Ke5 40. Rd5#) 33... Bf5 34. Rad7 e5 35. Rd8 {White mates.} Be6 36. Qg5 {[%cal Rg5f6]} e4 37. Rxg8+ Bxg8 38. Rd8 {[%csl Gg5][%cal Rd8g8]} e3 {Precision: White = 63%, Black = 24%.} 1-0

[Event "FIDE WCC 2018"]
[Site "Khanty-Mansiysk"]
[Date "2018.11.03"]
[Round "1.1"]
[White "Nakhbayeva, Guliskhan"]
[Black "Galliamova, Alisa"]
[Result "1/2-1/2"]
[WhiteElo "2367"]
[BlackElo "2432"]
[Annotator "TA"]
[PlyCount "119"]
[EventDate "2018.11.03"]
[EventType "k.o."]
[EventCountry "RUS"]
[SourceTitle "playchess.com"]
[Source "ChessBase"]
[SourceQuality "1"]

{[%evp 33,119,0,0,-7,-11,-15,0,0,0,0,0,0,55,29,30,65,67,0,0,0,0,-18,-39,-70,-63,-125,-140,-125,-110,-125,-103,-138,-97,-162,-13,-14,-10,-10,-12,-16,-16,-50,-11,-24,-22,-30,-28,-27,-40,-65,-65,-65,-67,-79,-86,-89,-103,-97,-49,-47,-7,-7,-11,-8,0,0,0,0,0,-39,-10,-26,0,0,0,0,0,0,0,0,0,0,0,-34,-34,-34,-34,-51]} 1. d4 d5 2. c4 c6 3. Nc3 Nf6 4. e3 e6 5. Nf3 Nbd7 6. Bd3 dxc4 7. Bxc4 b5 8. Bd3 Bb7 9. O-O a6 10. e4 c5 11. d5 Qc7 12. dxe6 fxe6 13. Bc2 Bd6 14. Ng5 {D48: Semi-Slav: Meran System: 7...b5 8 Bd3 a6} Nf8 15. f4 O-O-O 16. Qe2 h6 17. Nf3 Bxf4 {LiveBook: 51 Games} 18. a4 (18. e5 Bxf3 19. Qxf3 Bxe5 20. Qa8+ Kd7 21. Qxa6 Ke7 22. Kh1 Bxh2 23. Be3 Qe5 24. Rf3 Bg3 25. Kg1 Bh2+ 26. Kh1 Bg3 27. Kg1 Bh2+ 28. Kh1 {½-½ (28) Vallejo Pons,F (2684)-Shirov,A (2689) Reykjavik 2015}) 18... b4 {[#] aiming for ...Bxc1.} 19. e5 Bxf3 20. Rxf3 Bxe5 21. Qxa6+ Kb8 $1 {...Rd6 is the strong threat.} 22. Qb5+ Kc8 $146 (22... Ka7 $11 23. Be3 Bd4) ({Predecessor:} 22... Ka7 23. Be3 Bd4 24. Ne4 N8d7 25. Nxf6 Nxf6 26. Bd3 Qb6 {½-½ (26) Poell,J (2377)-Zelenyuk,O (2347) ICCF email 2015}) 23. Ne4 $14 {[%mdl 1024] White has compensation.} N8d7 24. a5 Ng4 25. a6 (25. Kh1 $1 $14 Bxb2 26. Bf4 (26. Qa6+ Kb8 $11)) 25... Bd4+ $11 26. Kf1 {Nd6+! would kill now.} Qb6 $1 $36 {[%cal Rb6b5][%mdl 2048] Black has good play.} ({Wrong is} 26... Nxh2+ $2 27. Ke2 $18) 27. Nd6+ Kc7 {[%cal Bc8c7,Bc7b6,Bb6a7][%mdl 32]} 28. Qxb6+ Kxb6 29. Nc4+ {[#]} (29. Rf7 $15) 29... Ka7 $1 $17 30. Bf4 e5 31. Bg3 h5 {Strongly threatening ...h4.} 32. h4 Rh6 33. Bd3 (33. Ke2 $17) 33... Rxa6 ({Black should try} 33... Re6 $19 {Hoping for ...e4.} 34. Bf5 Rxa6 35. Rxa6+ Kxa6) 34. Rxa6+ $11 Kxa6 35. Nxe5+ $1 Kb6 36. Nc4+ Ka7 37. Bg6 Ndf6 38. Ke2 Rd7 39. Bd6 Kb7 40. Bf5 Rd8 41. Na5+ Kb6 {White must now prevent ...Re8+.} 42. Nc4+ Kc6 43. Bg3 Ra8 44. Bc2 Ra1 45. Rf1 Rxf1 (45... Bxb2 {keeps more tension.} 46. Nxb2 Ra2 47. Rb1 Nd5 48. Ba4+ Kb7) 46. Kxf1 Ne3+ (46... Kd7 {is interesting.} 47. Ke2 Ke6 48. Bb3 Ke7 49. Bc2 Kf7) 47. Nxe3 Bxe3 {[%mdl 4096] Endgame KBB-KBN} 48. Ke2 Bc1 49. b3 Kd5 50. Bg6 Kd4 51. Be1 c4 52. bxc4 Kxc4 53. Bf7+ Kb5 54. Kd3 Ka4 55. Kc2 Bf4 (55... Be3 {feels hotter.} 56. Bg3 Bd4 57. Bf4 Ka3 58. Bc1+ Ka4) 56. Bf2 Kb5 57. Bd4 Bg3 58. Bxf6 gxf6 59. Bxh5 Bxh4 60. Kb3 {Precision: White = 53%, Black = 62%.} 1/2-1/2

[Event "FIDE WCC 2018"]
[Site "Khanty-Mansiysk"]
[Date "2018.11.03"]
[Round "1.1"]
[White "Vo, Thi Kim Phung"]
[Black "Khotenashvili, Bela"]
[Result "1/2-1/2"]
[WhiteElo "2354"]
[BlackElo "2477"]
[Annotator "TA"]
[PlyCount "104"]
[EventDate "2018.11.03"]
[EventType "k.o."]
[EventCountry "RUS"]
[SourceTitle "playchess.com"]
[Source "ChessBase"]
[SourceQuality "1"]

{[%evp 12,104,29,15,37,19,25,18,49,20,62,56,61,52,58,17,20,16,92,64,155,146,161,140,145,131,131,72,74,51,140,31,31,31,32,30,38,32,38,32,43,39,52,19,19,19,19,15,16,0,0,0,22,0,10,10,16,18,22,17,23,0,0,0,32,4,4,4,6,9,35,35,35,35,35,0,0,0,0,0,0,0,0,0,0,0,0,0,0,0,0,0,0,0,0]} 1. d4 Nf6 2. c4 {[%cal Bc2c4,Bc4d5][%mdl 32]} g6 3. Nc3 d5 4. Bg5 c5 (4... Bg7 5. Nf3 Ne4 6. Bf4 O-O 7. Nxd5 c5 8. Qc2 f5 9. Bc7 Qd7 10. Be5 cxd4 11. Bxg7 Kxg7 12. Qd1 Nc6 13. Nxd4 e6 14. Nxc6 exd5 {1-0 (54) So,W (2778)-Grischuk,A (2766) Paris 2018}) 5. Bxf6 exf6 6. cxd5 {D80: Grünfeld: Unusual White 4th moves and 4 Bg5} Qb6 7. e3 {LiveBook: 4 Games} cxd4 8. Qxd4 {White is slightly better.} Qxd4 9. exd4 a6 $146 ({Predecessor:} 9... Bg7 10. Nf3 O-O 11. Be2 Rd8 12. O-O {½-½ (30) Aleksandrov,A (2559)-Dubov,D (2660) Minsk 2017}) 10. g3 h5 11. Nf3 Bh6 12. Bg2 O-O 13. O-O Rd8 14. Rfe1 Bf5 (14... Nd7 $11 {keeps the balance.}) 15. Nh4 $36 {[%mdl 2048] White is more active.} Bd3 (15... Bc8 $14) 16. Re7 $16 {And now d6 would win.} g5 {[#]} 17. Nf3 $1 ({Not} 17. Rxb7 gxh4 18. d6 a5 $11) 17... Nd7 18. Nd2 Bf8 19. Re3 ({White should play} 19. d6) 19... Bg6 20. Nc4 (20. d6 $5) 20... b6 (20... Rab8 $14) 21. a3 (21. d6 $16 Rac8 22. b3) 21... Rac8 $1 $14 {[%cal Rc8c4]} 22. b3 {aiming for d6.} Bc2 23. Ne4 Bxe4 24. Bxe4 {Bf5 is the strong threat.} b5 25. Na5 {Hoping for Nc6.} Nb6 26. b4 (26. Ree1 {keeps more tension.} Kg7 27. b4 Rc3 28. Rec1 Nxd5 29. Nb7) 26... Nc4 27. Nxc4 Rxc4 28. Rd1 Kg7 29. h3 Bd6 30. Bf5 Bf8 31. Be4 Bd6 32. Bf5 Kf8 33. Kg2 Kg7 34. Rdd3 a5 35. bxa5 {White wants to play Rb3.} Ra8 36. Bd7 Rxa5 37. Bc6 Rca4 (37... f5 {with more complications.} 38. Rf3 Kg6 39. Rd1 Rca4 40. Bd7 f4) 38. Rb3 (38. Re8 {is more complex.} Rxa3 39. Rxa3 Bxa3 40. Rd8 Be7 41. Rd7) 38... Rxa3 39. Rxb5 Rxb5 40. Bxb5 Rxe3 41. fxe3 $11 {[%mdl 4096] Endgame KB-KB} f5 42. Bd7 Kg6 43. g4 fxg4 {The position is equal.} 44. hxg4 h4 45. Bf5+ Kg7 46. Bd3 Kf8 47. Bf1 Ke7 48. Kf3 Bg3 49. e4 f6 50. Ke3 Kd6 51. Kd3 Bf2 52. Kc4 Bg1 {Precision: White = 52%, Black = 59%.} 1/2-1/2

[Event "FIDE WCC 2018"]
[Site "Khanty-Mansiysk"]
[Date "2018.11.03"]
[Round "1.1"]
[White "Zhai, Mo"]
[Black "Girya, Olga"]
[Result "1-0"]
[WhiteElo "2352"]
[BlackElo "2481"]
[Annotator "TA"]
[PlyCount "95"]
[EventDate "2018.11.03"]
[EventType "k.o."]
[EventCountry "RUS"]
[SourceTitle "playchess.com"]
[Source "ChessBase"]
[SourceQuality "1"]

{[%evp 9,95,8,13,11,15,5,29,21,33,33,42,50,47,-118,-129,-124,-123,-114,-126,-145,-150,-148,-123,-89,-89,-127,-126,-64,-16,-12,-25,-33,0,-56,8,0,194,218,219,221,196,124,267,235,262,252,268,235,278,247,272,239,353,279,385,395,481,511,498,471,742,737,731,638,758,840,805,825,806,714,1048,1040,1627,1063,1040,1062,979,1019,2012,1896,29986,29987,29987,29988,29991,29992,29992,29991]} 1. e4 c6 2. d4 d5 3. f3 e6 4. Nc3 Bb4 5. Qd3 Ne7 6. Bf4 {B12: Caro-Kann: Advance Variation} O-O (6... b6 7. Nge2 Ba6 8. Qe3 Nd7 9. a3 Bxc3+ 10. Nxc3 Bxf1 11. Rxf1 O-O 12. Kf2 dxe4 13. fxe4 {½-½ (54) Kuzmicz,K (2460)-Rodshtein,M (2699) Katowice 2017}) 7. O-O-O b5 8. h4 $146 {White has an edge.} ({Predecessor:} 8. Nge2 a5 9. h4 a4 10. h5 Ba6 11. Rh3 Nd7 12. Qe3 Kh8 13. g4 {0-1 (40) Schwabeneder,F (2137)-Ganaus,H (2288) Vienna 2010}) 8... a5 9. h5 Ba6 10. Nh3 Nd7 11. Ng5 $2 (11. Kb1 $14 {keeps the upper hand.}) 11... h6 $17 12. Nh3 {[#]} c5 $1 {[%cal Rc5d4]} 13. dxc5 Bxc5 14. Nxb5 e5 15. Bd2 Bxb5 16. Qxb5 Bd4 {Strongly threatening ...Rb8.} 17. c3 ({Avoid the trap} 17. exd5 $2 Rb8 $19) 17... Rb8 {[%mdl 1024] Black has strong compensation.} 18. Qa4 Qc7 (18... Qb6 {looks sharper.} 19. Qb3 Qc6 20. Qc2 Rfc8 21. Kb1 a4) 19. Qc2 $1 Bc5 20. a4 Nb6 21. Bb5 (21. g4 $11) 21... Qb7 ({Black should try} 21... Nec8 $1 $15) 22. exd5 {Threatens to win with Rhe1.} Nbxd5 $2 (22... Nec8 $1 $11 {and Black stays safe.}) 23. Rhe1 $18 Qc7 24. g4 Rfd8 25. Qe4 ({White should play} 25. Kb1 $18) 25... Bd6 (25... Bd4 $16) 26. g5 hxg5 27. Nxg5 {aiming for Qh7+.} Nf6 28. Qc4 Ned5 29. Rh1 Rdc8 30. Qh4 Bf8 (30... Rf8 $142 31. h6 g6) 31. Rdg1 {[%cal Bd1g1,Bg1g2,Bg2e2][%mdl 32]} Rxb5 32. axb5 a4 33. Qxa4 Nb6 34. Qb3 Nc4 {[#]} (34... Bc5 $142 35. Rd1 Qd7) 35. h6 $1 {[%cal Bh5h6,Bh6h7][%mdl 32]} Qd7 (35... gxh6 36. Ne6+) 36. Rg2 g6 37. h7+ Kh8 38. Rh4 Nd6 39. Re2 Rc5 40. b6 Ra5 41. c4 {[%cal Bc3c4,Bc4c5][%mdl 32]} Ra1+ 42. Kc2 Qf5+ 43. Qd3 Qd7 44. c5 e4 45. Qd4 {White mates.} Bg7 46. cxd6 Ne8 47. Qxe4 Nxd6 48. Qd5 {Precision: White = 81%, Black = 30%.} 1-0

[Event "FIDE WCC 2018"]
[Site "Khanty-Mansiysk"]
[Date "2018.11.03"]
[Round "1.1"]
[White "Padmini, Rout"]
[Black "Abdumalik, Zhansaya"]
[Result "1/2-1/2"]
[WhiteElo "2341"]
[BlackElo "2473"]
[Annotator "TA"]
[PlyCount "68"]
[EventDate "2018.11.03"]
[EventType "k.o."]
[EventCountry "RUS"]
[SourceTitle "playchess.com"]
[Source "ChessBase"]
[SourceQuality "1"]

{[%evp 13,68,17,26,24,38,20,22,0,20,4,18,0,17,0,24,43,27,-15,-15,-16,-15,-49,0,0,0,0,23,21,29,22,25,20,17,0,0,-2,0,0,0,-8,-8,-17,-8,-11,-7,-55,0,0,10,0,19,0,0,0,0,0,0]} 1. Nf3 Nf6 2. c4 c5 3. Nc3 d5 4. cxd5 Nxd5 5. e3 Nxc3 (5... e6 6. d4 cxd4 7. exd4 Nxc3 8. bxc3 Qc7 9. Bd2 Nd7 10. a4 Bd6 11. a5 O-O 12. Bd3 e5 13. O-O Nf6 14. dxe5 Bxe5 15. Nxe5 Qxe5 {1-0 (42) Tomashevsky,E (2702)-Dubov,D (2691) Satka 2018}) 6. dxc3 {A34: Symmetrical English: 2 Nc3, lines with ...d5} Qc7 7. e4 Nc6 {LiveBook: 7 Games} 8. Be3 {White has an edge.} b6 9. Nd2 $146 ({Predecessor:} 9. Qa4 Bb7 10. Ba6 Bxa6 11. Qxa6 e6 12. O-O-O Be7 13. g3 {1-0 (39) Zhukova,N (2426)-Yildiz,B (2350) Heraklio 2017}) 9... Bb7 10. Qg4 g6 11. Qg3 e5 12. Bc4 Bg7 13. f4 exf4 14. Bxf4 Be5 15. O-O O-O-O {[#] Threatens to win with ...Bxf4.} 16. Bd5 Bxf4 17. Rxf4 f5 18. Nf3 fxe4 19. Qh3+ Kb8 20. Rf7 Qd6 21. Bxe4 h6 22. Re1 {[#] aiming for Ne5!} Bc8 23. Qh4 {Strongly threatening Rf6.} g5 $1 {[%cal Rg5h4]} 24. Qf2 $132 {[%mdl 2048] Hoping for Bxc6. White puts up resistance} Rhf8 25. Rxf8 Rxf8 26. Bxc6 Qxc6 27. Ne5 Qd6 28. Qe2 Ka8 29. a4 Bb7 (29... Re8 $15) 30. Nc4 $11 {The position is equal.} Qd5 31. Rd1 Qc6 32. Nd6 Rd8 33. Nxb7 Rxd1+ 34. Qxd1 Kxb7 {Precision: White = 45%, Black = 57%.} 1/2-1/2

[Event "FIDE WCC 2018"]
[Site "Khanty-Mansiysk"]
[Date "2018.11.03"]
[Round "1.1"]
[White "Miranda Llanes, Yerisbel"]
[Black "Dzagnidze, Nana"]
[Result "0-1"]
[WhiteElo "2267"]
[BlackElo "2516"]
[Annotator "TA"]
[PlyCount "46"]
[EventDate "2018.11.03"]
[EventType "k.o."]
[EventCountry "RUS"]
[SourceTitle "playchess.com"]
[Source "ChessBase"]
[SourceQuality "1"]

{[%evp 17,46,0,0,-3,0,0,0,0,0,0,-4,-120,-116,-187,-185,-180,-158,-145,-153,-491,-479,-485,-478,-569,-460,-457,-464,-564,-558,-561,-558]} 1. d4 Nf6 2. c4 e6 3. Nc3 Bb4 4. Nf3 O-O 5. Bg5 c5 6. Rc1 h6 {E21: Nimzo-Indian: 4 Nf3} 7. Bxf6 (7. Bh4 cxd4 8. Nxd4 d5 9. cxd5 g5 10. Bg3 Qxd5 11. a3 Bxc3+ 12. bxc3 Ne4 13. f3 Nxg3 14. hxg3 {½-½ (45) Harikrishna,P (2743)-Kramnik,V (2779) Batumi 2018}) 7... Qxf6 8. e3 {[%cal Be2e3,Be3d4][%mdl 32]} cxd4 9. exd4 d5 {LiveBook: 3 Games} 10. c5 Nc6 {White must now prevent ...e5.} 11. a3 Bxc3+ 12. Rxc3 e5 13. dxe5 Nxe5 {Threatens to win with ...d4!} 14. Nd4 $146 (14. Qxd5 $11 Bg4 15. Nxe5) ({Predecessor:} 14. Qxd5) 14... Nc6 $36 {[%mdl 2048] Black has strong initiative.} ({Don't play} 14... Ng4 $6 15. Rf3 $11) 15. Rd3 (15. Nb5 $17 {keeps fighting.}) 15... Nxd4 $19 16. Rxd4 Re8+ 17. Be2 {[#]} b6 $1 18. cxb6 $2 {[#]} (18. Rd2 $17 {nothing else works.}) 18... Rxe2+ $1 {[%mdl 512] Black is clearly winning.} 19. Qxe2 {Rb4 is the strong threat.} Qxd4 20. Qe8+ Kh7 {Hoping for ...Bg4.} 21. O-O Qxb6 22. Re1 Qg6 {( -> ...Bh3!)} 23. g3 Bb7 {Precision: White = 32%, Black = 97%.} 0-1